000 01208nam a2200277 a 4500
001 000029423
003 DO-SdBNP
005 20250307073710.0
008 110415s1992 dr a 000 0 spa d
040 _aDO-SdBNP
_bspa
_cBNPHU
082 4 _aRD863.42
_bH519t 1992
_222
100 1 _aHenríquez Ureña, Pedro,
_d1884-1946
_91718
245 1 0 _aTres cuentos de Pedro Henríquez Ureña /
_cPedro Henríquez Ureña ; edición Josefina de la Cruz y Diógenes Valdez.
246 2 0 _a3 cuentos de Pedro Henríquez Ureña
250 _a2ª ed.
260 _aSanto Domingo :
_bSecretaría de Estado de Educación, Bellas Artes y Cultos :
_bTaller,
_c1992.
300 _a73 p. :
_bil. ;
_c27 cm.
505 0 _gPrólogo a la edición de octubre de 1992 /
_rÉlida Jiménez --
_tPedro Henríquez Ureña propone utopía en Cuentos de la Nana Lupe /
_rJosefina de la Cruz --
_tEn los volcanes --
_tEn Jauja --
_tCon las brujas.
590 _aInventariado, 2019 / DG
650 0 _aCuentos dominicanos
_9176
650 0 _aLiteratura dominicana.
_967
700 1 _aCruz, Josefina de la,
_eed.
_922955
700 1 _aValdez, Diógenes,
_d1941-,
_eed.
_920511
910 _aValidado. Control de calidad EMS
942 _2ddc
_cLBS1
999 _c28915
_d28915